| 000 | 00643nam a2200253Ia 4500 | ||
|---|---|---|---|
| 008 | 160321s9999||||xx |||||||||||||| ||und|| | ||
| 040 | _cEnglish | ||
| 082 | _aXI.B Akshaya | ||
| 082 | _bBORI-9923 | ||
| 100 | _aAkshaya Kumari Devi | ||
| 245 | _aSocial Life In Ancient India | ||
| 300 | _a28 | ||
| 300 | _cA | ||
| 300 | _ePaperback | ||
| 530 | _u00030636.pdf | ||
| 563 | _aStudy | ||
| 600 | _aAkshaya Kumari Devi | ||
| 630 | _aSocial Life In Ancient India | ||
| 650 | _a"Social History,Culture" | ||
| 650 | _aGeneral Indology | ||
| 700 | _aAkshaya Kumari Devi | ||
| 730 | _aSocial Life In Ancient India | ||
| 942 | _cBOOK | ||
| 999 |
_c1356808 _d1356805 |
||